000 00461nam a2200145Ia 4500
008 090122s9999 xx 000 0 und d
082 _b5191
_a808.899282
100 _aमंगळवेढेकर
_bराजा
245 _aसहोदर आंध्र
600 _aमंगळवेढेकर
630 _aसहोदर आंध्र
700 _aमंगळवेढेकर
730 _aसहोदर आंध्र
942 _cBOOK
999 _c29269
_d29269